000 00239nam a22000857a 4500
008 160630b xxu||||| |||| 00| 0 eng d
100 _91571
_a Kapur, J.N
245 _aSuggested in School Mathematics
260 _aNew Delhi
_bArya Publication
_c1989
999 _c1300
_d1300